Țările cu cei mai mulți vorbitori de română - Statistics

General Stats
  • This quiz has been taken 5 times
  • The average score is 11 of 14
Answer Stats
Număr de vorbitori % Țară % Correct
50,0 mii 0,07 Franța
100%
300 mii 0,2 Germania
100%
1.13 mil 1,8 Italia
100%
2.76 mil 70,1 Moldova
100%
17.2 mil 90,6 România
100%
798 mii 1,7 Spania
100%
340 mii 0,1 Statele Unite
100%
52,8 mii 0,5 Portugalia
80%
159 mii 0,1 Rusia
80%
110 mii 0,3 Canada
60%
67,5 mii 0,1 Regatul Unit
60%
64,8 mii 0,7 Serbia
60%
327 mii 0,8 Ucraina
60%
208 mii 2,8 Israel
40%
No matching quizzes found
Score Distribution
Percent of People with Each Score
Percentile by Number Answered
Your Score History
You have not taken this quiz